Ethnic Conflict and Secessionism in South and Southeast Asia (Record no. 591964)

MARC details
000 -LEADER
fixed length control field 00719nam a2200241Ia 4500
003 - CONTROL NUMBER IDENTIFIER
control field OSt
005 - DATE AND TIME OF LATEST TRANSACTION
control field 20220925232728.0
008 - FIXED-LENGTH DATA ELEMENTS--GENERAL INFORMATION
fixed length control field 220923b |||||||| |||| 00| 0 eng d
020 ## - INTERNATIONAL STANDARD BOOK NUMBER
International Standard Book Number 8178292025
037 ## - SOURCE OF ACQUISITION
Terms of availability General Book
040 ## - CATALOGING SOURCE
Original cataloging agency RTL
Transcribing agency RTL
Language of cataloging eng
041 ## - LANGUAGE CODE
Source of code eng
Language code of text/sound track or separate title eng
100 ## - MAIN ENTRY--PERSONAL NAME
Personal name Ganguly Rajat Ed.
9 (RLIN) 30358
245 #0 - TITLE STATEMENT
Title Ethnic Conflict and Secessionism in South and Southeast Asia
Remainder of title Causes ,Dynamics, Solutions
260 ## - PUBLICATION, DISTRIBUTION, ETC.
Place of publication, distribution, etc. ND
Name of publisher, distributor, etc. Sage
Date of publication, distribution, etc. 2003
300 ## - PHYSICAL DESCRIPTION
Extent 292p
Dimensions cm.
700 ## - ADDED ENTRY--PERSONAL NAME
Personal name Macduff lan
9 (RLIN) 297597
942 ## - ADDED ENTRY ELEMENTS (KOHA)
Classification part Y73:4.43.P, P3
Koha item type General Books
Source of classification or shelving scheme Colon Classification (CC)
Holdings
Withdrawn status Lost status Damaged status Not for loan Home library Current library Date acquired Total Checkouts Full call number Barcode Date last seen Price effective from Koha item type
        Ratan Tata Library Ratan Tata Library 2022-09-25   Y73:4.43.P P3 RT1161175 2022-09-25 2022-09-25 General Books
Copyright @ Delhi University Library System